1995 1672 1694 1083 1313 1960 1822 1927 1704 1331 1258 1383 1771 1387 1309 1426 1768 1402 1970 1973 1956 1046 1977 1815 1433 1585 1528 1192 1008 1988 1723 1622 1513 1952 1510 1765 1856 1243 1785 1512 1203 1909 1064 1030 1681 1391 1432 1894 1036 1427 1768 1012 1003 1455 1314 1005 1062 1248 1014 1200 1297 1098 1604 1675 1836 1187 1294 1226 1456 1085 1647 1288 1004 1838 1816 1714 1630 1842 1805 1875 1618 1244 1263 1210 1151 1490 1386 1509 1314 1410 1385 1241 1937 1249 1600 1382 1187 1130 1096 BCNSPRNW ULIB Ver.6.0+V

เปลี่ยนเป็นภาษาไทย

Change to English
 แสดงรายละเอียดบรรณานุกรม
  กลับหน้าหลัก

Brief Record : Get Marc (ISO 2709) : E-mail record : QR code < ปิดหน้าต่าง
LEADER : 00000nam 2200000uu 4500
001    13399125864
003     ULIB
008    020711s2017 th a 000 0 eng d
020    ^a9780702071713
060    ^aWQ300^bR-M
100    ^aRaynor, Maureen.
245    ^aMyles Survival Guide to Midwifery/^bRaynor, Maureen.
250    ^a3rd ed
260    ^aPhiladelphia :^bElsevier,^c2017
300    ^a608 pages;^c22 cm
650    ^aMidwifery
650  0 ^aLabor
945    ^p952^l0^i003252
999    ^aประนอม เกษจรัล
รายการนี้ยังไม่มีแท็ก
คุณยังไม่ได้ล็อกอิน คุณสามารถมีกิจกรรมร่วมกับเว็บไซต์ได้ แต่ต้องล็อกอินก่อน ::
  ล็อกอิน

รายการสื่อสารสนเทศ

ลำดับที่ ประเภท เลขเรียก/บาร์โค้ด สถานที่ สถานะ
1. หนังสือสำรอง
หนังสือสำรอง
WQ300 R-M ฉ.1 
  Barcode: 003252
ห้องสมุดวิทยาเขตสวรรค์ประชารักษ์
►หนังสือทั่วไป
บนชั้น

รายการใกล้เคียง
    หัวเรื่อง [Midwifery]
    หัวเรื่อง [Labor]

BibComment


ยังไม่เคยถูกคอมเมนท์

คอมเมนท์ทรัพยากรรายการนี้
  คอมเมนท์: Myles Survival G..


 Copyright 2026. Bcnsprnw @Library